000 00311nam a2200121Ia 4500
008 190722s9999 xx 000 0 und d
020 _a978-81-309-3089-3
100 _aElaine Biech
245 4 _aThe Asted Leadership handbook
260 _aNew Delhi
_bViva Books Pvt limited
_c2015
300 _a488
942 _cBK
999 _c132
_d132